000 00636nam a2200241Ia 4500
003 OSt
005 20221007063147.0
006 a|||||r|||| 00| 0
007 ta
008 221006b |||||||| |||| 00| 0 eng d
024 _a5,653
037 _cTextual
040 _aFLL
_cFLL
_beng
041 _2eng
_aeng
082 _aZ231:2:3qN47, K9
100 _aDalal J.H. Au.
245 0 _aLaw relating to protected licensees
250 _a4th
260 _aBombay
_bN.M.Tripathi India
_c1969
300 _axlix,399p
_ccm.
942 _hZ231:2:3qN47, K9
_cTEXL
_2CC
999 _c1130550
_d1130550